000 00921nam a22003490a 4500
001 PT41804
003 AR-LpoUNG
005 20260115160011.0
008 201001s2010||||ag |||||||||||||||||spa d
020 _a9789875744318
_c$10
040 _aAR-LpoUNG
_bspa
_eaacr
041 _aspa
044 _aag
082 0 _a509 678his
100 1 _aBoido, Guillermo
245 1 0 _aHistoria de un Ave Fénix :
_bel mecanicismo, desde sus orígenes hasta la actualidad
250 _a1ra. ed.
260 _aBuenos Aires :
_bUniversidad Nacional de General Sarmiento,
_c2010.
300 _a109 p. :
_btbls.
490 0 _aHumanidades
650 4 _aANALISIS HISTORICO
650 4 _aCIENCIA
650 4 _aFILOSOFIA
650 4 _aFISICA
650 4 _aINVESTIGACION
650 4 _aMECANIZACION
653 0 _aMATERIA
653 0 _aMECANICA
700 1 _aFlichman, Eduardo H.
905 _a41804
942 _cLIB
_2ddc
999 _c50883
_d50883